| 000 | 00398cam a22001217a 4500 | ||
|---|---|---|---|
| 008 | 180718b1962 xxu||||| |||| 00| 0 eng d | ||
| 082 | _aO97x54 In7 | ||
| 245 |
_aFamily planning in selected villages _cInstitute of Economic Growth Demographic Section |
||
| 260 |
_aBombay _bAsia _c1962 |
||
| 300 | _a88p. | ||
| 650 | _aBirth control - India | ||
| 700 | _aInstitute of Economic Grwoth Demographic Section | ||
| 999 |
_c370483 _d370483 |
||